Building Information Modelling to support healthcare built asset management (Record no. 116243)

MARC details
000 -LEADER
fixed length control field 01326cam a22002895a 4500
001 - CONTROL NUMBER
control field L160131
008 - FIXED-LENGTH DATA ELEMENTS--GENERAL INFORMATION
fixed length control field 180724s2018 xxk f 000 0 eng d
035 ## - SYSTEM CONTROL NUMBER
System control number (Sirsi) u160131
041 0# - LANGUAGE CODE
Language code of text/sound track or separate title eng
100 1# - MAIN ENTRY--PERSONAL NAME
Personal name Wanigarathna, Nadeeshani
245 00 - TITLE STATEMENT
Title Building Information Modelling to support healthcare built asset management
Medium [electronic resources]
260 ## - PUBLICATION, DISTRIBUTION, ETC.
Place of publication, distribution, etc. London
Name of publisher, distributor, etc. RICS
Date of publication, distribution, etc. 2018
490 #0 - SERIES STATEMENT
Series statement RICS Research
520 ## - SUMMARY, ETC.
Summary, etc. Each year, England?s NHS spends billions of pounds to maintain its estates. This research investigates how Building Information Modelling (BIM) can provide benefit by demonstrating the links between built asset maintenance spend and added value to the organisational performance. The research uses a comprehensive literature review and a case study of an NHS hospital to achieve the research aim.
590 ## - LOCAL NOTE (RLIN)
Local note KA
650 24 - SUBJECT ADDED ENTRY--TOPICAL TERM
Topical term or geographic name entry element BIM
9 (RLIN) 6219
650 24 - SUBJECT ADDED ENTRY--TOPICAL TERM
Topical term or geographic name entry element NHS ESTATES
651 #4 - SUBJECT ADDED ENTRY--GEOGRAPHIC NAME
Geographic name ENGLAND AND WALES
690 ## - LOCAL SUBJECT ADDED ENTRY--TOPICAL TERM (OCLC, RLIN)
Topical term or geographic name as entry element Facilities management
9 (RLIN) 6240
700 1# - ADDED ENTRY--PERSONAL NAME
Personal name Jones, Keith
700 1# - ADDED ENTRY--PERSONAL NAME
Personal name Bell, Adrian
700 1# - ADDED ENTRY--PERSONAL NAME
Personal name Desai, Api
700 1# - ADDED ENTRY--PERSONAL NAME
Personal name Kapogiamis, Georgios
700 1# - ADDED ENTRY--PERSONAL NAME
Personal name Madmudul, Hasan
856 40 - ELECTRONIC LOCATION AND ACCESS
Uniform Resource Identifier <a href="https://www.isurv.com/downloads/download/2234/building_information_modelling_to_support_healthcare_built_asset_management">https://www.isurv.com/downloads/download/2234/building_information_modelling_to_support_healthcare_built_asset_management</a>
Public note Archived on isurv (subscription required)
942 ## - ADDED ENTRY ELEMENTS (KOHA)
Suppress in OPAC 0
Source of classification or shelving scheme Dewey Decimal Classification
Holdings
Withdrawn status Lost status Source of classification or shelving scheme Damaged status Not for loan Home library Current library Shelving location Date acquired Total Checkouts Full call number Date last seen Copy number Price effective from Koha item type
    Dewey Decimal Classification     Virtual Virtual Online 24/07/2018   isurv 31/12/2024 1 06/08/2019 Online material